Представление документа в формате MARC21

Поле Инд. ПП Название Значение
Тип записи a
Библиографический уровень m
001 Контрольный номер 57d16394-6dd3-4893-a987-1535874195ab
005 Дата корректировки 20250207150321.4
008 Кодируемые данные 000626 d
040 a Служба первич. каталог. НБ ТвГУ
041 0_ a Код языка текста rus
080 a Индекс УДК 929Гете
a Индекс УДК 830.09
084 a Индекс другой классификации/Индекс ББК Ш5(4ГЕМ)52-4Гете И.В.
090 x Авторский знак К64
a Полочн. индекс Ш5(4ГЕМ)
100 1_ a Автор Конради Карл Отто
245 00 a Заглавие Гете
n Номер части/ раздела Т. 2
p Название части/ раздела Итог жизни
b Продолж. заглавия Жизнь и творчество
c Ответственность [Пер. с нем. Н.Берновской и др.; Общ. ред. А. Гугнина]
260 0_ a Место издания Москва
b Издательство Радуга
c Дата издания 1987
300 a Объем 646 с.
b Иллюстрации/ тип воспроизводства портр.
504 a Библиография Указ. имен: с.634-644 /Сост. А. Гуткина.
650 04 a Основная рубрика Гете, Иоганн Вольфганг, о нем
650 04 a Основная рубрика Литература
x Основная подрубрика История
y Хронологическая подрубрика 18-19 вв.
z Географическая подрубрика Германия
650 04 a Основная рубрика Немецкая литература
653 0_ a Ключевые слова Гете
a Ключевые слова Немецкая литература
a Ключевые слова Писатели
a Ключевые слова Немецкие писатели
a Ключевые слова Литература Германии
a Ключевые слова Персоналии
700 1_ a Другие авторы Берновская Н
e Роль лиц пер.
700 1_ a Другие авторы Гугнин А
e Роль лиц ред.
852 41 t Порядковый номер экземпляра 1
920 a Оператор Алекс
930 a Новая/Ретро персоналии
952 c Вид литературы К рн
954 a Дата поступления на обработку 26.06.97